Разработка метода высоконапорной очистки скважины с использованием гибких труб; Нефтегазовые технологии; № 5

গ্রন্থ-পঞ্জীর বিবরন
Parent link:Нефтегазовые технологии: научно-технический журнал/ World Oil ; Pipe Line Industry ; Gulf Publishing Company.— , 1994-.— 0202-4578
№ 5.— 2003.— С. 35-37
প্রধান লেখক: Стивен Роуланд
অন্যান্য লেখক: Ральф Хамрик (переводчик), Грэг Геро, Моцохейн Б.
ভাষা:রুশ
প্রকাশিত: 2003
মালা:Нефть мира
বিষয়গুলি:
বিন্যাস: MixedMaterials গ্রন্থের অধ্যায়
KOHA link:https://koha.lib.tpu.ru/cgi-bin/koha/opac-detail.pl?biblionumber=388650

MARC

LEADER 00000naa2a2200000 4500
001 388650
005 20231101063753.0
035 |a (RuTPU)RU\TPU\prd\19980 
090 |a 388650 
100 |a 20031125a2003 k y0rusy50 ca 
101 0 |a rus 
102 |a RU 
200 1 |a Разработка метода высоконапорной очистки скважины с использованием гибких труб  |f Стивен Роуланд, Ральф Хамрик, Грэг Геро  |g Пер. Б. Моцохейн 
225 1 |a Нефть мира 
461 1 |0 (RuTPU)RU\TPU\prd\1175  |x 0202-4578  |t Нефтегазовые технологии  |o научно-технический журнал  |f World Oil ; Pipe Line Industry ; Gulf Publishing Company  |d 1994- 
463 1 |0 (RuTPU)RU\TPU\prd\19233  |t № 5  |v С. 35-37  |d 2003 
610 1 |a высоконапорная очистка 
610 1 |a скважины 
610 1 |a гибкие трубы 
610 1 |a промывка 
610 1 |a анализ 
610 1 |a усталостная прочность 
700 1 |a Стивен Роуланд 
701 1 |a Ральф Хамрик 
701 1 |a Грэг Геро 
702 1 |a Моцохейн  |b Б.  |4 730 
801 1 |a RU  |b 63413507  |c 20031125  |g PSBO 
801 2 |a RU  |b 63413507  |c 20120113  |g RCR 
942 |c BK